Серия романов о Гарри Поттере - Statistics

General Stats
  • This quiz has been taken 442 times
  • The average score is 6 of 7
Answer Stats
Год Роман % Correct
1998 Гарри Поттер и {Тайная комната}
94%
1997 Гарри Поттер и {философский камень}
93%
1999 Гарри Поттер и {узник Азкабана}
91%
2000 Гарри Поттер и {Кубок огня}
88%
2007 Гарри Поттер и {Дары Смерти}
88%
2005 Гарри Поттер и {Принц-полукровка}
84%
2003 Гарри Поттер и {Орден Феникса}
75%
No matching quizzes found
Score Distribution
Percent of People with Each Score
Percentile by Number Answered
Your Score History
You have not taken this quiz